Mortgage regulation for intermediaries
Aims to deal with the FSA regulation as it effects the mortgage selling process. This practical guide focuses on the transactional aspects, such as when the broker can take fees; how to deal with client money; and how to manage the sales and advertising process.
Salvato in:
| Altri autori: | |
|---|---|
| Natura: | Libro |
| Pubblicazione: |
London :
Butterworths,
c2004
|
| Soggetti: | |
| Tags: |
Aggiungi Tag
Nessun Tag, puoi essere il primo ad aggiungerne!!
|
MARC
| LEADER | 00000nam a22000007a 4500 | ||
|---|---|---|---|
| 020 | |a 1405701137 |c TZS 126,438/= | ||
| 020 | |a 9781405701136 | ||
| 040 | |a MUL |b eng |e AACR | ||
| 082 | |a 332.72 MOR | ||
| 245 | |a Mortgage regulation for intermediaries |c / Jonathan Denton [et al...] | ||
| 260 | |a London : |b Butterworths, |c c2004 | ||
| 300 | |a xv, 234 p. : |c 26 cm | ||
| 504 | |a includes index | ||
| 520 | |a Aims to deal with the FSA regulation as it effects the mortgage selling process. This practical guide focuses on the transactional aspects, such as when the broker can take fees; how to deal with client money; and how to manage the sales and advertising process. | ||
| 650 | |a Mortgage loans Law |z Great Britain | ||
| 650 | |a Mortgage legislation |z Great Britain | ||
| 700 | |a Denton, Jonathan | ||
| 942 | |c BK | ||
| 999 | |c 8365 |d 8365 | ||